[Event "28. Schweinfurt Open"]
[Site "Schweinfurt"]
[Date "2018.06.03"]
[Round "6.7"]
[White "Amtmann, Florian"]
[Black "Baumgaertner, Frank"]
[Result "1/2-1/2"]
[WhiteElo "2124"]
[BlackElo "1790"]
[PlyCount "133"]
[EventDate "2018.??.??"]
[WhiteTeam "Spvgg 1946 Stetten"]
[BlackTeam "Kronacher SK 1882"]

1. e4 e5 2. Bc4 Nf6 3. d3 h6 4. Nf3 Nc6 5. c3 Be7 6. O-O d6 7. Bb3 Bg4 8. Nbd2
Qd7 9. Re1 O-O 10. h3 Bh5 11. Nf1 Rfe8 12. Ng3 Bg6 13. Nh4 Kh7 14. Ngf5 Ng8 15.
Qf3 Bxh4 16. Nxh4 Nce7 17. g4 f6 18. Be3 Rf8 19. d4 Bf7 20. Bc2 Be6 21. Kh2 Qe8
22. Nf5 Ng6 23. Qg3 N8e7 24. h4 Nh8 25. f4 Nf7 26. Rh1 g6 27. Nxe7 Qxe7 28. Kg2
Rg8 29. Kf2 Raf8 30. h5 g5 31. f5 Bc8 32. d5 b6 33. b4 a6 34. c4 Nd8 35. Rhc1
Nb7 36. Kf3 a5 37. a3 Bd7 38. Qf2 axb4 39. axb4 Ra8 40. Bd3 Rgb8 41. Qb2 Be8
42. Ra3 Bd7 43. Rca1 Qf8 44. Qa2 Rxa3 45. Qxa3 Qe8 46. Qa7 Qc8 47. Ra6 Kg7 48.
Bc2 Kf8 49. Ba4 Be8 50. Ke2 Bxa4 51. Rxa4 Ke8 52. Qa6 Qd7 53. Qa7 Qc8 54. Kd3
Kd8 55. Ra1 Ke8 56. Qa4+ Qd7 57. Qxd7+ Kxd7 58. Ra7 Kc8 59. Kc3 Nd8 60. c5 bxc5
61. bxc5 Rb7 62. Ra6 Nf7 63. Kc4 Rb1 64. Bd2 Kb7 65. Ra4 dxc5 66. Be3 Nd6+ 67.
Kc3 1/2-1/2

[Event "28. Schweinfurt Open"]
[Site "Schweinfurt"]
[Date "2018.06.03"]
[Round "6.8"]
[White "Brux, Juergen"]
[Black "Wiener, Horst"]
[Result "0-1"]
[WhiteElo "1757"]
[BlackElo "1941"]
[PlyCount "94"]
[EventDate "2018.??.??"]
[WhiteTeam "DT Münnerstadt"]
[BlackTeam "SK Schweinfurt 2000"]

1. d4 Nf6 2. c4 e6 3. Nf3 b6 4. g3 Bb7 5. Bg2 g6 6. O-O Bg7 7. Nc3 O-O 8. Qc2
d6 9. b3 Nbd7 10. Bb2 e5 11. e3 Re8 12. dxe5 dxe5 13. Rad1 Qb8 14. Rd2 Nc5 15.
Ne1 Bxg2 16. Nxg2 Qb7 17. Rfd1 a5 18. Nd5 Nfe4 19. Re2 f5 20. Ne1 Rad8 21. f3
Nd6 22. Red2 Kf7 23. Kf2 Re6 24. Nd3 Nxd3+ 25. Rxd3 e4 26. fxe4 Nxe4+ 27. Kg1
Bxb2 28. Qxb2 Red6 29. Qg2 c6 30. Nf4 Qe7 31. Qf3 g5 32. Rxd6 Rxd6 33. Rxd6
Qxd6 34. Ng2 Qe5 35. Qd1 Kg6 36. Qd4 Qe7 37. Qxb6 Qa3 38. Qxc6+ Kh5 39. Qe8+
Kg4 40. h3+ Kf3 41. Qh5+ Kxg3 42. Qe2 Qc1+ 43. Qe1+ Qxe1+ 44. Nxe1 f4 45. exf4
gxf4 46. h4 f3 47. Kh1 f2 0-1

[Event "28. Schweinfurt Open"]
[Site "Schweinfurt"]
[Date "2018.06.03"]
[Round "6.9"]
[White "Roth, Jakob"]
[Black "Blank, Stefan"]
[Result "0-1"]
[WhiteElo "1898"]
[BlackElo "1766"]
[PlyCount "54"]
[EventDate "2018.??.??"]
[WhiteTeam "Spvgg 1946 Stetten"]
[BlackTeam "SC Sulzbach"]

1. d4 Nf6 2. c4 c5 3. d5 b5 4. cxb5 a6 5. bxa6 d6 6. Nc3 g6 7. Nf3 Bg7 8. e4
O-O 9. Qc2 Nxa6 10. Be2 Nb4 11. Qb1 Ba6 12. Bxa6 Rxa6 13. O-O Qb6 14. Nd2 Rfa8
15. Nc4 Qb7 16. Be3 Nd7 17. a3 R6a7 18. Na2 Nxa2 19. Qxa2 Nb6 20. Rab1 Nxc4 21.
Qxc4 Rb8 22. h3 Qb3 23. Qe2 Ra4 24. Bg5 Rb7 25. f4 h5 26. f5 Qc4 27. fxg6 Qxe2
0-1

[Event "28. Schweinfurt Open"]
[Site "Schweinfurt"]
[Date "2018.06.03"]
[Round "6.10"]
[White "Heiduk, Christoph"]
[Black "Scheifele, Paul"]
[Result "1-0"]
[WhiteElo "1835"]
[BlackElo "1736"]
[PlyCount "97"]
[EventDate "2018.??.??"]
[WhiteTeam "SC Bayerwald Regen/Zwiesel e.V."]
[BlackTeam "AB-Schweinheim"]

1. d4 d5 2. c4 c6 3. Nc3 g6 4. Nf3 Bg7 5. Bf4 Nf6 6. e3 O-O 7. h3 Be6 8. Ng5
Qd7 9. Nxe6 Qxe6 10. Qb3 b6 11. Rc1 Rd8 12. Be2 Ne4 13. cxd5 cxd5 14. Nb5 Na6
15. Qa3 Rac8 16. O-O Nb8 17. Qxa7 Nc6 18. Qb7 Nb4 19. a4 Nc6 20. Bc7 Rf8 21.
Qxc6 Qxc6 22. Rxc6 e5 23. Rfc1 exd4 24. Nxd4 f5 25. Bxb6 Rxc6 26. Rxc6 Rb8 27.
b4 Ra8 28. Ba5 Kf7 29. Rc7+ Kg8 30. Bb5 Rb8 31. Bc6 Nf6 32. Ne6 Bh6 33. b5 g5
34. b6 Ne4 35. Bxd5 Kh8 36. b7 Nd6 37. Bc3+ Kg8 38. Nc5+ Kf8 39. Rxh7 Ke8 40.
Rxh6 Ke7 41. Rh7+ Kd8 42. Ba5+ Ke8 43. Rh8+ Ke7 44. Rxb8 Kf6 45. Rf8+ Ke5 46.
b8=Q Kxd5 47. Rd8 Kxc5 48. Rxd6 Kc4 49. Qb4# 1-0

[Event "28. Schweinfurt Open"]
[Site "Schweinfurt"]
[Date "2018.06.03"]
[Round "6.11"]
[White "Krenz, Dieter"]
[Black "Koehler, Michael"]
[Result "1-0"]
[WhiteElo "1907"]
[BlackElo "1603"]
[PlyCount "46"]
[EventDate "2018.??.??"]
[WhiteTeam "SC Prichsenstadt"]
[BlackTeam "SC Prichsenstadt"]

1. e4 e6 2. d4 d5 3. Nd2 Nc6 4. Ngf3 Nf6 5. e5 Nd7 6. c3 f6 7. exf6 Qxf6 8. Bd3
Bd6 9. O-O O-O 10. Nb3 e5 11. Bg5 Qf7 12. dxe5 Ndxe5 13. Be2 Be6 14. Nbd4 Nxf3+
15. Bxf3 Nxd4 16. Qxd4 c6 17. Qh4 Qf5 18. Rfe1 Rae8 19. Rad1 Bd7 20. c4 Rxe1+
21. Rxe1 dxc4 22. Be4 Qxf2+ 23. Qxf2 Bc5 1-0

[Event "28. Schweinfurt Open"]
[Site "Schweinfurt"]
[Date "2018.06.03"]
[Round "6.12"]
[White "Voelker, Joachim"]
[Black "Kwossek, Martin"]
[Result "1/2-1/2"]
[WhiteElo "1749"]
[BlackElo "1875"]
[PlyCount "61"]
[EventDate "2018.??.??"]
[WhiteTeam "SK Schweinfurt 2000"]
[BlackTeam "SC Kitzingen von 1905"]

1. e4 c5 2. c3 e6 3. d4 cxd4 4. cxd4 d5 5. exd5 Qxd5 6. Nc3 Bb4 7. Nf3 Nc6 8.
Be2 Nf6 9. O-O Qd8 10. Bg5 Be7 11. Bc4 O-O 12. Be3 a6 13. a3 b5 14. Ba2 Bb7 15.
b4 Rc8 16. Rc1 Nb8 17. Qe2 Nbd7 18. Bb1 Nb6 19. Ne5 Nbd5 20. Ne4 Nxe4 21. Bxe4
f6 22. Qh5 f5 23. Rxc8 Bxc8 24. Bxd5 Qxd5 25. Rc1 Bb7 26. Qf3 Bd6 27. Qxd5 Bxd5
28. f4 Bb7 29. Nd7 Rd8 30. Nc5 Bxc5 31. dxc5 1/2-1/2

[Event "28. Schweinfurt Open"]
[Site "Schweinfurt"]
[Date "2018.06.03"]
[Round "6.13"]
[White "Bardorz, Jana"]
[Black "Hohner, Karl-Heinz"]
[Result "1-0"]
[WhiteElo "1622"]
[BlackElo "1806"]
[PlyCount "57"]
[EventDate "2018.??.??"]
[WhiteTeam "TSV 1869 Rottendorf"]
[BlackTeam "(vls) Kronach"]

1. e4 c5 2. Nc3 Nc6 3. g3 g6 4. Bg2 Bg7 5. d3 e6 6. f4 d6 7. Nf3 Nge7 8. O-O
O-O 9. Be3 Nd4 10. e5 Nef5 11. Bf2 d5 12. Ne2 Nxf3+ 13. Bxf3 Qc7 14. g4 Ne7 15.
c3 b6 16. Ng3 Bb7 17. g5 Rad8 18. h4 Nf5 19. Nxf5 exf5 20. d4 Rfe8 21. h5 Bf8
22. Kg2 Rc8 23. Rh1 cxd4 24. Bxd4 Bc5 25. hxg6 fxg6 26. Kg3 Re7 27. Rh2 Bxd4
28. Qxd4 Qc5 29. Rd1 1-0

[Event "28. Schweinfurt Open"]
[Site "Schweinfurt"]
[Date "2018.06.03"]
[Round "6.14"]
[White "Drewes, Thomas"]
[Black "Reichert, Josef"]
[Result "1-0"]
[WhiteElo "1770"]
[BlackElo "1508"]
[PlyCount "51"]
[EventDate "2018.??.??"]
[WhiteTeam "SV Würzburg von 1865"]
[BlackTeam "SC Maßbach 1951"]

1. d4 Nf6 2. Bf4 d5 3. e3 e6 4. Nf3 Bd6 5. Bg3 O-O 6. Bd3 c5 7. c3 cxd4 8. exd4
b6 9. Nbd2 Bb7 10. Qe2 Re8 11. Ne5 Bf8 12. f4 g6 13. Bh4 Be7 14. Bf2 a6 15. h4
Nh5 16. Qf3 f5 17. Be2 Nf6 18. Qg3 Kg7 19. h5 Nc6 20. hxg6 Nxe5 21. fxe5 Ng4
22. Bxg4 fxg4 23. Qxg4 hxg6 24. O-O-O Bg5 25. Kb1 b5 26. Nf3 1-0

[Event "28. Schweinfurt Open"]
[Site "Schweinfurt"]
[Date "2018.06.03"]
[Round "6.15"]
[White "Kiesel, Jannik"]
[Black "Bardorz, Christoph"]
[Result "0-1"]
[WhiteElo "997"]
[BlackElo "1749"]
[PlyCount "146"]
[EventDate "2018.??.??"]
[WhiteTeam "DT Münnerstadt"]
[BlackTeam "TSV 1869 Rottendorf"]

1. e4 e5 2. Bc4 Nf6 3. d4 exd4 4. Nf3 Nc6 5. O-O Nxe4 6. Re1 d5 7. Bxd5 Qxd5 8.
Nc3 Qh5 9. Nxe4 Be6 10. Neg5 O-O-O 11. Nxe6 fxe6 12. Rxe6 Bd6 13. Bd2 Kb8 14.
Qf1 Rhf8 15. h3 h6 16. c3 g5 17. Nxd4 Nxd4 18. cxd4 Bf4 19. Bxf4 Rxf4 20. Qd1
Qf7 21. Re2 Rfxd4 22. Qe1 b6 23. Re7 Qf4 24. Rc1 c5 25. Rh7 Qf6 26. Re7 R8d6
27. Qe2 Rd2 28. Re8+ Kc7 29. Re7+ Kd8 30. Re8+ Kd7 31. Qe4 Qxf2+ 32. Kh2 Qf4+
33. Qxf4 gxf4 34. Rf8 Rxb2 35. a4 Rg6 36. Rxf4 Rgxg2+ 37. Kh1 Rge2 38. Rf7+ Re7
39. Rcf1 Rbe2 40. Rxe7+ Kxe7 41. Ra1 Kd6 42. Rd1+ Kc7 43. Rf1 Kd6 44. Rd1+ Kc6
45. Rg1 Kd5 46. Rd1+ Kc4 47. Rd7 Re6 48. Rxa7 Re8 49. Kg2 Kb4 50. Kf3 c4 51. a5
bxa5 52. Rb7+ Kc3 53. Ra7 Kd2 54. Rxa5 c3 55. Rd5+ Kc2 56. Rb5 Re6 57. Rb8 Kc1
58. Kf2 c2 59. Rb7 Re5 60. Rb6 h5 61. Rb8 Kd2 62. Rd8+ Kc3 63. Rc8+ Kd3 64.
Rd8+ Kc4 65. Rc8+ Rc5 66. Rxc5+ Kxc5 67. Kg3 c1=Q 68. Kh4 Qd1 69. Kg3 Kd4 70.
Kg2 Ke4 71. Kg3 Qg1+ 72. Kh4 Kf5 73. Kxh5 Qg5# 0-1

[Event "28. Schweinfurt Open"]
[Site "Schweinfurt"]
[Date "2018.06.03"]
[Round "6.16"]
[White "Dehmel, Manfred"]
[Black "Brodt, Andreas"]
[Result "0-1"]
[WhiteElo "1222"]
[BlackElo "1728"]
[PlyCount "54"]
[EventDate "2018.??.??"]
[WhiteTeam "SC KS Alzenau"]
[BlackTeam "SK Schweinfurt 2000"]

1. e4 c5 2. c4 Nc6 3. Nf3 g6 4. d3 Bg7 5. Nc3 e6 6. Be2 a6 7. O-O Nge7 8. a3
O-O 9. Bd2 d6 10. Qc1 Nd4 11. Nxd4 cxd4 12. Na2 Bd7 13. b4 Rc8 14. h3 Bc6 15.
Bh6 b6 16. Bxg7 Kxg7 17. Qb2 e5 18. Nc1 f5 19. f4 fxe4 20. fxe5 Rxf1+ 21. Bxf1
dxe5 22. Qe2 e3 23. Nb3 Nf5 24. Kh2 Qh4 25. Qg4 Rf8 26. Qxh4 Nxh4 27. Kg1 Rf2
0-1

[Event "28. Schweinfurt Open"]
[Site "Schweinfurt"]
[Date "2018.06.03"]
[Round "6.17"]
[White "Seelmann, David"]
[Black "Bardorz, Stefan"]
[Result "0-1"]
[WhiteElo "958"]
[BlackElo "1714"]
[PlyCount "122"]
[EventDate "2018.??.??"]
[WhiteTeam "SF Zeiler Turm"]
[BlackTeam "TSV 1869 Rottendorf"]

1. e4 e5 2. Nf3 Nc6 3. Nc3 Nf6 4. Bc4 Nxe4 5. Nxe4 d5 6. Bxd5 Qxd5 7. d3 Bf5 8.
Qe2 O-O-O 9. O-O f6 10. c4 Qxd3 11. Qxd3 Rxd3 12. Ng3 Be6 13. b3 Bc5 14. Ne4
Bb4 15. h3 Bxh3 16. Ne1 Bxe1 17. Rxe1 Bf5 18. Nc5 Rd6 19. Ba3 Rd2 20. Rad1 Rhd8
21. Rxd2 Rxd2 22. Ne4 Rd7 23. Ng3 Bg6 24. Ne4 Nd4 25. Bc5 b6 26. Bxd4 Rxd4 27.
Nc3 c6 28. f3 Kd7 29. Ne4 Bxe4 30. fxe4 Rd2 31. a3 Rd3 32. Rb1 Re3 33. Rd1+ Ke7
34. Kf2 Rxb3 35. Ra1 Rc3 36. Rh1 h6 37. Rf1 Rxc4 38. Kf3 c5 39. a4 h5 40. a5 b5
41. Rb1 Rb4 42. Rc1 c4 43. Ke3 Rb3+ 44. Ke2 a6 45. Rd1 Rd3 46. Rxd3 cxd3+ 47.
Kxd3 Kd6 48. Kc3 Kc5 49. Kb3 Kd4 50. Kb4 h4 51. Kb3 Kxe4 52. Kb4 Kd5 53. Kc3 e4
54. Kd2 b4 55. Kc2 Kd4 56. g3 hxg3 57. Kd2 g2 58. Ke2 g1=Q 59. Kd2 Qf2+ 60. Kc1
Kc3 61. Kb1 Qb2# 0-1

[Event "28. Schweinfurt Open"]
[Site "Schweinfurt"]
[Date "2018.06.03"]
[Round "6.18"]
[White "Reichert, Claudia"]
[Black "Weineck, Ekkehard"]
[Result "1/2-1/2"]
[WhiteElo "1190"]
[BlackElo "1594"]
[PlyCount "95"]
[EventDate "2018.??.??"]
[WhiteTeam "DT Münnerstadt"]
[BlackTeam "SV Würzburg von 1865"]

1. e4 e5 2. Nf3 Nc6 3. Bc4 Bc5 4. d3 Nf6 5. Nc3 O-O 6. Bg5 h6 7. Bh4 Na5 8. Bb3
Nxb3 9. axb3 Re8 10. Nd5 g5 11. Nxf6+ Qxf6 12. Bg3 d5 13. Nd2 Be6 14. Qh5 d4
15. h4 g4 16. Qxe5 Qxe5 17. Bxe5 Bxb3 18. Nxb3 Rxe5 19. Nxc5 Rxc5 20. Kd2 f5
21. Rhe1 Re5 22. f4 gxf3 23. gxf3 a6 24. f4 Rb5 25. b3 Kf7 26. Ra4 c5 27. exf5
Rg8 28. Re6 Rg2+ 29. Kc1 Rf2 30. Rxh6 Rxf4 31. Rh5 Kf6 32. Kb2 Rxf5 33. Rxf5+
Kxf5 34. Ra1 Kg4 35. Rh1 Kh5 36. Rh2 Rb6 37. c3 Rg6 38. cxd4 cxd4 39. Re2 Kxh4
40. Re4+ Rg4 41. Re7 b5 42. Re6 a5 43. Re5 Rg5 44. Re4+ Rg4 45. Re5 Rg2+ 46.
Kc1 a4 47. Rxb5 a3 48. Ra5 1/2-1/2

[Event "28. Schweinfurt Open"]
[Site "Schweinfurt"]
[Date "2018.06.03"]
[Round "6.19"]
[White "Roth, Ludwig"]
[Black "Nicola, Marius"]
[Result "1-0"]
[WhiteElo "1578"]
[BlackElo "1517"]
[PlyCount "65"]
[EventDate "2018.??.??"]
[WhiteTeam "Spvgg 1946 Stetten"]
[BlackTeam "SK Schweinfurt 2000"]

1. e4 e6 2. d3 d5 3. Nd2 c5 4. Ngf3 Nc6 5. g3 Nf6 6. Bg2 d4 7. O-O e5 8. Nc4
Bd6 9. Nh4 g6 10. f4 b5 11. Nxd6+ Qxd6 12. f5 Rf8 13. Qf3 Nd7 14. Bh6 g5 15.
Bxg5 Rg8 16. Qh5 Nf6 17. Qh6 Ke7 18. Nf3 Rb8 19. h3 Rb6 20. Nh2 Nb8 21. Ng4
Nbd7 22. c3 Ke8 23. cxd4 Qxd4+ 24. Nf2 Nxe4 25. Qxh7 Rxg5 26. dxe4 Rxg3 27.
Rad1 Qe3 28. Qh8+ Nf8 29. Qxe5+ Be6 30. fxe6 Nxe6 31. Rd3 Qxf2+ 32. Rxf2 Rxd3
33. h4 1-0

[Event "28. Schweinfurt Open"]
[Site "Schweinfurt"]
[Date "2018.06.03"]
[Round "6.20"]
[White "Orf, Niklas"]
[Black "Seelmann, Noah"]
[Result "1-0"]
[WhiteElo "1893"]
[BlackElo "1133"]
[PlyCount "55"]
[EventDate "2018.??.??"]
[WhiteTeam "SK 1933 Bad Neustadt"]
[BlackTeam "SF Zeiler Turm"]

1. c4 c5 2. Nc3 Nc6 3. g3 g6 4. Bg2 Bg7 5. a3 Nf6 6. Rb1 d6 7. b4 Rb8 8. bxc5
Be6 9. cxd6 exd6 10. d3 O-O 11. Nf3 Ng4 12. Qd2 Qa5 13. Bb2 Rfd8 14. O-O Bh6
15. Qc2 Qh5 16. h4 d5 17. cxd5 Bxd5 18. Nxd5 Rxd5 19. Qc3 f6 20. Nh2 Nce5 21.
Bxd5+ Kh8 22. Qc7 Rf8 23. Nf3 g5 24. Nxe5 gxh4 25. Nxg4 Qxg4 26. Kg2 Qg5 27.
Be4 Kg8 28. Qxh7# 1-0

[Event "28. Schweinfurt Open"]
[Site "Schweinfurt"]
[Date "2018.06.03"]
[Round "6.21"]
[White "Loew, Leonid"]
[Black "Gerhard, Georg"]
[Result "1-0"]
[WhiteElo "1382"]
[BlackElo "1203"]
[PlyCount "43"]
[EventDate "2018.??.??"]
[WhiteTeam "Allersberger SC 2000"]
[BlackTeam "TSV 1895 Karlburg"]

1. e4 c5 2. d4 cxd4 3. c3 dxc3 4. Nxc3 e5 5. Bc4 Bb4 6. Bxf7+ Kxf7 7. Qb3+ Ke8
8. Qxb4 Nc6 9. Qb3 Qe7 10. Nf3 a6 11. Nd5 Qd6 12. Be3 Kf8 13. Rc1 Nge7 14. Bc5
Qg6 15. O-O Rb8 16. Rfe1 d6 17. Ba3 Ke8 18. Nxe7 Kxe7 19. Rxc6 Be6 20. Rc7+ Kd8
21. Qb6 Rf8 22. Rxg7+ 1-0

[Event "28. Schweinfurt Open"]
[Site "Schweinfurt"]
[Date "2018.06.03"]
[Round "6.22"]
[White "Roth, Claudia"]
[Black "Gerhard, Philipp"]
[Result "1-0"]
[WhiteElo "1092"]
[BlackElo "892"]
[PlyCount "39"]
[EventDate "2018.??.??"]
[WhiteTeam "Spvgg 1946 Stetten"]
[BlackTeam "TSV 1895 Karlburg"]

1. e4 e5 2. Nf3 Nf6 3. Nxe5 Qe7 4. d4 d6 5. Nf3 Nxe4 6. Be2 Bg4 7. O-O Nc6 8.
d5 Ne5 9. Nxe5 Bxe2 10. Qxe2 Qxe5 11. Qb5+ Kd8 12. Qxb7 Rc8 13. Re1 Qd4 14. Be3
Qf6 15. f3 Nc5 16. Bxc5 dxc5 17. Nc3 Qd4+ 18. Kh1 Kd7 19. Qc6+ Kd8 20. Qe8# 1-0

[Event "28. Schweinfurt Open"]
[Site "Schweinfurt"]
[Date "2018.06.03"]
[Round "7.1"]
[White "Seuffert, Gabriel"]
[Black "Hofstetter, Hans-Joachim"]
[Result "1/2-1/2"]
[WhiteElo "2313"]
[BlackElo "2161"]
[PlyCount "70"]
[EventDate "2018.??.??"]
[WhiteTeam "SK Schweinfurt 2000"]
[BlackTeam "SK 1933 Bad Neustadt"]

1. c4 Nf6 2. g3 e5 3. Bg2 Be7 4. Nf3 Nc6 5. Nc3 O-O 6. O-O d6 7. d4 Bd7 8. h3
h6 9. e4 Re8 10. Be3 Bf8 11. d5 Na5 12. Nd2 b6 13. b4 Nb7 14. a3 Nh7 15. Kh2 g6
16. Nf3 Ng5 17. Ng1 f5 18. Qd2 Bg7 19. exf5 gxf5 20. Rae1 Qf6 21. Nce2 a5 22.
f4 exf4 23. Nxf4 Ne4 24. Nh5 Nxd2 25. Nxf6+ Bxf6 26. Bxd2 axb4 27. axb4 Rxe1
28. Rxe1 Kg7 29. Re2 Nd8 30. c5 bxc5 31. bxc5 dxc5 32. Bf4 Rc8 33. Rc2 Be7 34.
Be3 c6 35. Bxc5 Bxc5 1/2-1/2

[Event "28. Schweinfurt Open"]
[Site "Schweinfurt"]
[Date "2018.06.03"]
[Round "7.2"]
[White "von Zimmermann, Georg"]
[Black "Bussard, Christian"]
[Result "0-1"]
[WhiteElo "2034"]
[BlackElo "2255"]
[PlyCount "102"]
[EventDate "2018.??.??"]
[WhiteTeam "MSA Zugzwang 82"]
[BlackTeam "SG Niederkassel"]

1. e4 e5 2. Nc3 Nf6 3. g3 Bc5 4. Bg2 O-O 5. Nge2 Nc6 6. O-O a6 7. d3 h6 8. h3
Nd4 9. Nxd4 Bxd4 10. Nd5 Nxd5 11. exd5 d6 12. c3 Bb6 13. Qh5 Bd7 14. Kh2 Qe8
15. Bd2 f5 16. Qh4 Qd8 17. Qxd8 Raxd8 18. f4 Rde8 19. Rfe1 exf4 20. gxf4 Bf2
21. Rf1 Re2 22. Rad1 Rfe8 23. Kh1 Be3 24. Bxe3 R8xe3 25. Bf3 Rxb2 26. Rde1 Rxe1
27. Rxe1 Kf7 28. Re2 Rxe2 29. Bxe2 Kf6 30. Kg2 c5 31. dxc6 Bxc6+ 32. Kf2 Ke6
33. h4 Bd5 34. c4 Bc6 35. Ke3 Kf6 36. d4 Be4 37. d5 Bb1 38. a3 g5 39. hxg5+
hxg5 40. fxg5+ Kxg5 41. a4 a5 42. c5 dxc5 43. d6 Kf6 44. Bb5 Be4 45. Kf4 Bc6
46. d7 Ke7 47. Bxc6 bxc6 48. d8=Q+ Kxd8 49. Kxf5 Kd7 50. Ke4 Ke6 51. Kd3 Kd5
0-1

[Event "28. Schweinfurt Open"]
[Site "Schweinfurt"]
[Date "2018.06.03"]
[Round "7.3"]
[White "Schmid, Michael"]
[Black "Milovanovic, Milos"]
[Result "1/2-1/2"]
[WhiteElo "2191"]
[BlackElo "1829"]
[PlyCount "30"]
[EventDate "2018.??.??"]
[WhiteTeam "SC Bad Königshofen 1957"]
[BlackTeam "SF Gottmadingen"]

1. e4 c5 2. c3 d5 3. exd5 Qxd5 4. Nf3 Nc6 5. Na3 Bf5 6. Bc4 Qe4+ 7. Qe2 e6 8.
O-O Qxe2 9. Bxe2 h6 10. Bb5 Rc8 11. d4 a6 12. Ba4 b5 13. Bc2 Bxc2 14. Nxc2 Nf6
15. Bf4 g5 1/2-1/2

[Event "28. Schweinfurt Open"]
[Site "Schweinfurt"]
[Date "2018.06.03"]
[Round "7.4"]
[White "Maar, Samuel"]
[Black "Kuhn, Norbert"]
[Result "1/2-1/2"]
[WhiteElo "1992"]
[BlackElo "2076"]
[PlyCount "38"]
[EventDate "2018.??.??"]
[WhiteTeam "Sfr. Bad Emstal/Wolfhagen"]
[BlackTeam "SV Würzburg von 1865"]

1. e4 e6 2. d4 d5 3. Nd2 c5 4. exd5 exd5 5. dxc5 Bxc5 6. Ngf3 Nf6 7. Bb5+ Nc6
8. O-O O-O 9. Nb3 Be7 10. h3 Qb6 11. Bd3 Nb4 12. Be3 Qc7 13. Nbd4 Nxd3 14. Qxd3
Bd7 15. Rfe1 Rfe8 16. Bg5 Ne4 17. Bxe7 Rxe7 18. c3 Rae8 19. Nc2 Qb6 1/2-1/2

[Event "28. Schweinfurt Open"]
[Site "Schweinfurt"]
[Date "2018.06.03"]
[Round "7.5"]
[White "Wiener, Horst"]
[Black "Gehrig, Thomas"]
[Result "1-0"]
[WhiteElo "1941"]
[BlackElo "2022"]
[PlyCount "79"]
[EventDate "2018.??.??"]
[WhiteTeam "SK Schweinfurt 2000"]
[BlackTeam "SC Maßbach 1951"]

1. e4 c5 2. Nf3 d6 3. d4 cxd4 4. Nxd4 Nf6 5. Nc3 a6 6. Be2 g6 7. O-O Bg7 8. Be3
O-O 9. f4 b5 10. Bf3 e5 11. fxe5 dxe5 12. Nb3 Bb7 13. Nc5 Bc6 14. Qe1 Nbd7 15.
Rd1 Qe7 16. Qf2 Rfd8 17. Nxd7 Nxd7 18. Nd5 Qf8 19. Qh4 Bxd5 20. Rxd5 f6 21.
Rfd1 Qe7 22. Qf2 Nf8 23. Bc5 Qe8 24. Bg4 h5 25. Bh3 Rxd5 26. Rxd5 Ne6 27. Bxe6+
Qxe6 28. Qd2 Rc8 29. b4 Qg4 30. Qd3 Qf4 31. Be3 Qg4 32. Rc5 Bf8 33. h4 Qe6 34.
Rxc8 Qxc8 35. Qd5+ Kg7 36. Bc5 Kh6 37. Kh2 Bg7 38. c4 bxc4 39. Qxc4 Qc6 40.
Be3+ 1-0

[Event "28. Schweinfurt Open"]
[Site "Schweinfurt"]
[Date "2018.06.03"]
[Round "7.6"]
[White "Blank, Stefan"]
[Black "Heiduk, Christoph"]
[Result "1-0"]
[WhiteElo "1766"]
[BlackElo "1835"]
[PlyCount "67"]
[EventDate "2018.??.??"]
[WhiteTeam "SC Sulzbach"]
[BlackTeam "SC Bayerwald Regen/Zwiesel e.V."]

1. e4 c5 2. Nf3 Nc6 3. g3 e5 4. Bg2 d6 5. O-O Be6 6. d3 Be7 7. c3 Nf6 8. Ng5
Bg4 9. Qb3 O-O 10. f3 Bd7 11. f4 exf4 12. gxf4 Rb8 13. Qc2 b5 14. Qe2 Qc7 15.
Na3 Rfe8 16. Nc2 Qb6 17. Kh1 Bg4 18. Bf3 Bxf3+ 19. Qxf3 h6 20. Nh3 Nd7 21. Rg1
Bf6 22. Ne3 Ne7 23. Ng4 Kh7 24. Be3 Ng6 25. f5 Nge5 26. Nxf6+ Nxf6 27. Qg3 Rg8
28. Qh4 Nf3 29. Ng5+ Nxg5 30. Rxg5 Rh8 31. Rag1 Rbg8 32. Rxg7+ Rxg7 33. Qxh6+
Kg8 34. Qxg7# 1-0

[Event "28. Schweinfurt Open"]
[Site "Schweinfurt"]
[Date "2018.06.03"]
[Round "7.7"]
[White "Baumgaertner, Frank"]
[Black "Seidens, Udo"]
[Result "0-1"]
[WhiteElo "1790"]
[BlackElo "2169"]
[PlyCount "110"]
[EventDate "2018.??.??"]
[WhiteTeam "Kronacher SK 1882"]
[BlackTeam "SK Schweinfurt 2000"]

1. d4 Nf6 2. Bf4 e6 3. e3 b6 4. Bd3 Bb7 5. Nf3 c5 6. O-O Be7 7. Nc3 Nc6 8. a3
d6 9. Re1 O-O 10. Qe2 Nh5 11. Bg3 Nxg3 12. hxg3 d5 13. Ba6 Qc8 14. Bxb7 Qxb7
15. Rad1 Bf6 16. Qd2 b5 17. Ne2 b4 18. axb4 cxb4 19. b3 a5 20. Ra1 Rfc8 21.
Rec1 g6 22. Ra4 Qc7 23. Ne1 Be7 24. f4 Na7 25. Qd3 Qb6 26. Nf3 Nb5 27. Ne5 Nc3
28. Nxc3 Rxc3 29. Qe2 Rac8 30. Nd3 Qc7 31. Ra2 Kg7 32. g4 h6 33. g3 Bd6 34. Kf2
a4 35. Rxa4 Rxc2 36. Rxc2 Qxc2 37. Qxc2 Rxc2+ 38. Kf3 Rc3 39. Nxb4 Rxb3 40. Nc6
Ba3 41. Ra7 Bc1 42. Ne5 Bxe3 43. Rxf7+ Kg8 44. Rf6 Bxd4+ 45. Kg2 Rb2+ 46. Kh1
Bxe5 47. fxe5 d4 48. Rxe6 d3 49. Rxg6+ Kh7 50. Rf6 Rb1+ 51. Kg2 d2 52. Rd6 d1=Q
53. Rxd1 Rxd1 54. Kf3 Re1 55. Kf4 Kg6 0-1

[Event "28. Schweinfurt Open"]
[Site "Schweinfurt"]
[Date "2018.06.03"]
[Round "7.8"]
[White "Drewes, Thomas"]
[Black "Amtmann, Florian"]
[Result "0-1"]
[WhiteElo "1770"]
[BlackElo "2124"]
[PlyCount "86"]
[EventDate "2018.??.??"]
[WhiteTeam "SV Würzburg von 1865"]
[BlackTeam "Spvgg 1946 Stetten"]

1. d4 Nf6 2. Bf4 c5 3. e3 Qb6 4. Nc3 cxd4 5. exd4 a6 6. Rb1 d5 7. Nf3 Bg4 8.
Be2 Nc6 9. Ne5 Bxe2 10. Nxe2 e6 11. O-O Be7 12. c3 O-O 13. Ng3 Rfc8 14. Nh5 Qd8
15. Nxf6+ Bxf6 16. Re1 Na5 17. Re3 Nc4 18. Nxc4 Rxc4 19. Qg4 b5 20. Be5 Bxe5
21. Rxe5 Rac8 22. a3 a5 23. Rbe1 b4 24. axb4 axb4 25. cxb4 Rxb4 26. R5e2 Rcb8
27. Rb1 Qb6 28. Rd2 e5 29. Re1 Rxd4 30. Rxd4 Qxd4 31. Qxd4 exd4 32. f3 Kf8 33.
Re2 d3 34. Rd2 Rb3 35. Kf2 d4 36. g4 Ke7 37. h4 Kd6 38. Kg3 Ke5 39. Rd1 f6 40.
Re1+ Kd5 41. Rd1 Kc4 42. Rc1+ Rc3 43. bxc3 dxc3 0-1

[Event "28. Schweinfurt Open"]
[Site "Schweinfurt"]
[Date "2018.06.03"]
[Round "7.9"]
[White "Schmitz, Wolfgang"]
[Black "Bardorz, Jana"]
[Result "0-1"]
[WhiteElo "2046"]
[BlackElo "1622"]
[PlyCount "108"]
[EventDate "2018.??.??"]
[WhiteTeam "SC Prichsenstadt"]
[BlackTeam "TSV 1869 Rottendorf"]

1. e4 e5 2. Nf3 Nc6 3. c3 Nf6 4. d4 Nxe4 5. d5 Nb8 6. Qe2 Nf6 7. Nxe5 Be7 8. c4
O-O 9. Be3 Bb4+ 10. Nd2 Re8 11. Nef3 Ng4 12. g3 Bc5 13. Bxc5 Rxe2+ 14. Bxe2 d6
15. Bd4 Bf5 16. O-O Nf6 17. Nh4 Bh3 18. Rfe1 Nbd7 19. Bd3 Nc5 20. Bxc5 dxc5 21.
Ne4 c6 22. d6 Nxe4 23. Bxe4 Qxd6 24. Rad1 Qf6 25. Rd2 g6 26. Red1 Re8 27. f3
Qe5 28. Re2 Kg7 29. f4 Qf6 30. Nf3 Bg4 31. Kf2 Bxf3 32. Kxf3 Rd8 33. Red2 Rxd2
34. Rxd2 Qe6 35. b3 f5 36. Bc2 b5 37. Bd3 Qe1 38. Re2 Qf1+ 39. Ke3 h6 40. Kd2
Qa1 41. Ke3 Qd4+ 42. Kd2 Kf7 43. h4 Qg1 44. Re3 Qa1 45. cxb5 Qxa2+ 46. Bc2 cxb5
47. Rc3 c4 48. bxc4 bxc4 49. Ke3 Qa1 50. Kd4 a5 51. Kxc4 a4 52. Kb4 Qb2+ 53.
Kc4 a3 54. Bb3 a2 0-1